000 00466nam a2200181Ia 4500
001 2815
005 20260306144834.0
008 260306t1996||||xx |||||||||||||| ||spa||
041 _aESP
082 _a230.2
_bC76
100 _aV Congreso Internacional de la Reconciliación
_eAUT
245 0 _aNueva evangelización rumbo al tercer milenio
260 _c1996
300 _a371 páginas :
_c20 cm.
650 _aGEN
654 _aCHU
942 _cLIB
_dJUS
_fJUS
_2ddc
_n
999 _c2815
_d2815